banner-ar

جرائم القذف و السب العلنى عبر الانترنت / (Record no. 62695)

MARC details
000 -الفاتح
حقل البيانات ثابتة الطول 00874nam a22002297a 4500
005 - وقت وتاريخ اخر تعامل مع التسجيلة
رقم الضبط 20240530110603.0
008 - عناصر البيانات ثابتة الطول - معلومات عامة
حقل البيانات ثابتة الطول 161012s2014 ua g b 000 0 ara d
017 ## - رقم الايداع القانونى
رقم الايداع القانونى 2014/8007
المصدر ( الهيئة المختصة) مصر. دار الكتب
020 ## - الرقم الدولى المعيارى للكتب
الرقم الدولى المعيارى للكتاب 9789774488184
040 ## - مصدر الفهرسة
وكالة الفهرسة الأصلية EG-CaGPL
وكالة النسخ EG-CaGPL
082 04 - رقم تصنيف ديوى العشرى
رقم الطبعة 21
رقم التصنيف 364.168\
رقم المادة خ ج
100 0# - المدخل الرئيسى - إسم شخصى
الإسم الشخصى خالد حسين عبدالتواب احمد
245 10 - بيان العنوان
العنوان جرائم القذف و السب العلنى عبر الانترنت /
بيان المسئوليه,etc خالد حسين عبدالتواب احمد
250 ## - بيان الطبعة
بيان الطبعة ط 1
260 ## - PUBLICATION, DISTRIBUTION, ETC. (IMPRINT)
تاريخ النشر أو التوزيع 2014
300 ## - الوصف المادى
التعداد 583 ص ؛
أبعاد الوعاء 24 سم
504 ## - تبصرة ببليوجرافية
تبصرة ببليوجرافية,الخ بيليوجرافية : ص 557 - 569
650 07 - المدخل الاضافى بالموضوع-مصطلح موضوعى
مصدر الرأس أو المصطلح qrmak
مصطلح موضوعي الجرائم الحاسوبية
650 07 - المدخل الاضافى بالموضوع-مصطلح موضوعى
مصدر الرأس أو المصطلح qrmak
مصطلح موضوعي الجريمة و المجرمون
942 ## - عناصر المدخل الإضافي( كوها)
مصدر التصنيف او مخطط الترفيف Dewey Decimal Classification
Koha [default] item type كتاب
260 ## - PUBLICATION, DISTRIBUTION, ETC. (IMPRINT)
-- القاهرة :
-- الهئية المصرية العامة للكتاب ؛
Holdings
حالة التراجع حالة الفقد حالة تلف ليس للاعارة المكان المؤقت الموقع الحالى موقع الترفيف تاريخ الاكتساب اجمالي اﻻعارات رقم الطلب الباركود تاريخ اخر مشاهدة تاريخ تفعيل السعر نوع وعاء كوها
        مكتبة القاهرة الكبرى مكتبة القاهرة الكبرى القاعة الرئيسية 10/12/2016   364.168\ خ ج 162504 10/12/2016 10/12/2016 كتاب

Powered By

EGPV